000 00234nam a2200097Ia 4500
001 773329
005 20250826165749.0
008 250824s9999 xx 000 0 und d
245 0 _aAŞK VE ACI
_cFRİDA KAHLO
260 _bEVEREST YAYINLARI
999 _c773329
_d773329